| 000 | 00753cam a2200265 4500500 | ||
|---|---|---|---|
| 005 | 20260405003726.0 | ||
| 041 | _afre | ||
| 042 | _adc | ||
| 100 | 1 | 0 |
_aMarguier, Aude _eauthor |
| 245 | 0 | 0 | _aPourquoi n’osons-nous pas prendre la dernière part ? |
| 260 | _c2023. | ||
| 500 | _a3 | ||
| 690 | _aAltruisme | ||
| 690 | _aÉgalité | ||
| 690 | _aÉquité | ||
| 690 | _aHypocrisie | ||
| 690 | _aJean-Jacques Rousseau | ||
| 690 | _aJohn Rawls | ||
| 690 | _aLevinas | ||
| 690 | _aNourriture | ||
| 690 | _aPartage | ||
| 690 | _aPolitesse | ||
| 786 | 0 | _nPhilosophie magazine | 170 | 6 | 2023-06-01 | p. 45-45 | 1951-1787 | |
| 856 | 4 | 1 | _uhttps://shs.cairn.info/magazine-philosophie-magazine-2023-6-page-45?lang=fr&redirect-ssocas=7080 |
| 999 |
_c2070209 _d2070209 |
||